| 000 | 00589cam a2200217ua 4500 | ||
|---|---|---|---|
| 001 | 6994 | ||
| 005 | 20260515114135.0 | ||
| 008 | 141118n xxk |||gr||||Z||||||eng | ||
| 020 | _a9780521543057 | ||
| 040 | _cMAIN | ||
| 041 | _aeng | ||
| 082 | _a320 | ||
| 100 |
_aBrass, Paul R., _eAuthor. |
||
| 245 | 1 |
_aThe New cambridge history of India : _bThe politics of India since independence / _cBy Paul R. Brass . |
|
| 250 | _a2nd rev. | ||
| 260 |
_aUnited Kingdom: _bCambridge, _c2010. |
||
| 300 | _axix,404p. | ||
| 653 | _aPolitical science | ||
| 653 | _aIndian politics | ||
| 942 | _cBK | ||
| 999 |
_c6130 _d6130 |
||